书目信息 |
| 题名: |
岩土数值分析
|
|
| 作者: | 卢廷浩 主编 | |
| 分册: | ||
| 出版信息: | 北京 中国水利水电出版社 2008.03 |
|
| 页数: | 146页 | |
| 开本: | 26cm | |
| 丛书名: | ||
| 单 册: | ||
| 中图分类: | TU4 | |
| 科图分类: | ||
| 主题词: | 岩石工程--yan shi gong cheng--数值计算--研究生--教材 | |
| 电子资源: | ||
| ISBN: | 978-7-5084-5310-1 | |
| 000 | 00891nam0 2200241 450 | |
| 001 | 012008750979 | |
| 005 | 20080604085226.50 | |
| 010 | @a978-7-5084-5310-1@dCNY22.00 | |
| 100 | @a20080604d2008 em y0chiy0120 ea | |
| 101 | 0 | @achi |
| 102 | @aCN@b110000 | |
| 105 | @aak a 000yy | |
| 106 | @ar | |
| 200 | 1 | @a岩土数值分析@Ayan tu shu zhi fen xi@f卢廷浩主编@Flu ting hao zhu bian |
| 210 | @a北京@c中国水利水电出版社@d2008.03 | |
| 215 | @a146页@c图@d26cm | |
| 320 | @a有书目 | |
| 330 | @a全书共分六章,包括:绪论、滑移线法、有限单元法、离散单元法、非连续分析方法(DDA)、岩土工程参数反分析法。每章内容相对独立,自成体系并结合工程应用,各院校可根据相关专业要求有侧重的选择部分内容进行教学。 | |
| 606 | 0 | @a岩石工程@Ayan shi gong cheng@x数值计算@x研究生@j教材 |
| 690 | @aTU4@v4 | |
| 701 | 0 | @a卢廷浩@Alu ting hao@4主编 |
| 801 | 0 | @aCN@bQSSK@c20080604 |
| 905 | @b724352-54@dTU4@eL789@f3 | |
| 岩土数值分析/卢廷浩主编.-北京:中国水利水电出版社,2008.03 |
| 146页:图;26cm |
| ISBN 978-7-5084-5310-1:CNY22.00 |
| 全书共分六章,包括:绪论、滑移线法、有限单元法、离散单元法、非连续分析方法(DDA)、岩土工程参数反分析法。每章内容相对独立,自成体系并结合工程应用,各院校可根据相关专业要求有侧重的选择部分内容进行教学。 |
| ● |
| 相关链接 |
|
|
|
正题名:岩土数值分析
索取号:TU4/L789
 
预约/预借
| 序号 | 登录号 | 条形码 | 馆藏地/架位号 | 状态 | 备注 |
| 1 | 724352 | 207243525 | 建筑库101/101建筑库 92排3列5层/ [索取号:TU4/L789] | 在馆 | |
| 2 | 724353 | 207243534 | 建筑库101/101建筑库 92排3列5层/ [索取号:TU4/L789] | 在馆 | |
| 3 | 724354 | 207243543 | 建筑库101/101建筑库 92排3列5层/ [索取号:TU4/L789] | 在馆 |